Statistics for Island Countries that Start with an A or B

Click here to take the quiz!

General Stats

  • This quiz has been taken 182 times
  • The average score is 4 of 5

Answer Stats

Country% Correct
Antigua and Barbuda
93%
Barbados
92%
Bahamas
90%
Brunei
66%
Bahrain
65%

Score Distribution

Percentile by Number Answered

Percent of People with Each Score

Your Score History

You have not taken this quiz